[Event "COL Students-ch (Women)"]
[Site "Santa Fe"]
[Date "2023.09.25"]
[Round "5"]
[White "Barrios Gonzalez, Karol Dayana"]
[Black "Garcia Fonseca, Karen Geraldin"]
[Result "0-1"]
[WhiteElo "1479"]
[BlackElo "1424"]
[PlyCount "82"]
[EventDate "2023.09.23"]
[EventType "swiss"]
[EventRounds "6"]
[EventCountry "COL"]
[SourceTitle "EXT 2024"]
[Source "ChessBase"]
[SourceDate "2023.10.10"]
[SourceVersion "1"]
[SourceVersionDate "2023.10.10"]
[SourceQuality "1"]

1. e4 c5 2. Nf3 e6 3. d4 cxd4 4. Nxd4 a6 5. Nc3 Nc6 6. Be3 Nf6 7. Be2 Be7 8. Qd2 0-0 9. 0-0-0 Bb4 10. f3 e5 11. Nb3 d5 12. exd5 Bxc3 13. bxc3 Ne7 14. d6 Ned5 15. Bg5 Qxd6 16. Bxf6 Qa3+ 17. Kb1 Nxf6 18. Qd6 Qxd6 19. Rxd6 Bf5 20. Rhd1 Rac8 21. Kb2 e4 22. g4 exf3 23. Bxf3 Bxg4 24. Bxb7 Bxd1 25. Bxc8 Rxc8 26. Rxd1 Ne4 27. Rd3 f5 28. Na5 f4 29. c4 g5 30. Rd4 Re8 31. Nc6 f3 32. Rd1 f2 33. Kc1 Nc3 34. Rf1 Re1+ 35. Kd2 Rxf1 36. Kxc3 Re1 37. Nd4 f1Q 38. Kb4 a5+ 39. Kxa5 Qxc4 40. Nb3 Re5+ 41. Kb6 Rb5+ 0-1

[Event "COL Students-ch (Women)"]
[Site "Santa Fe"]
[Date "2023.09.24"]
[Round "3"]
[White "Barrios Gonzalez, Karol Dayana"]
[Black "Munoz Hoyos, Karen Estefania"]
[Result "0-1"]
[WhiteElo "1479"]
[BlackElo "1135"]
[PlyCount "131"]
[EventDate "2023.09.23"]
[EventType "swiss"]
[EventRounds "6"]
[EventCountry "COL"]
[SourceTitle "EXT 2024"]
[Source "ChessBase"]
[SourceDate "2023.10.10"]
[SourceVersion "1"]
[SourceVersionDate "2023.10.10"]
[SourceQuality "1"]

1. e4 e5 2. Nf3 Nf6 3. Nxe5 d6 4. Nf3 Nxe4 5. c3 d5 6. d3 Nf6 7. Bg5 Be7 8. Be2 0-0 9. 0-0 Re8 10. Re1 Bf5 11. Nbd2 Nbd7 12. c4 c6 13. cxd5 Nxd5 14. Bxe7 Rxe7 15. Nd4 Bg6 16. Qb3 N7b6 17. Rad1 Qd7 18. Nc4 Rae8 19. Nxb6 Nxb6 20. Qc3 Nd5 21. Qd2 Qd6 22. g3 a6 23. a3 f5 24. Qg5 f4 25. Qg4 fxg3 26. hxg3 c5 27. Nc2 Bf5 28. Qxf5 Rxe2 29. Rxe2 Rxe2 30. d4 c4 31. Qc8+ Qf8 32. Qxf8+ Kxf8 33. Rc1 b5 34. Kf1 Re7 35. Nb4 Nxb4 36. axb4 Rd7 37. Rd1 Ke7 38. Ke2 Kd6 39. Ke3 Re7+ 40. Kf4 Kd5 41. Rd2 Re4+ 42. Kf3 h6 43. Rd1 Re6 44. Kg2 Re2 45. Ra1 Rxb2 46. Rxa6 c3 47. Ra7 c2 48. Rc7 Rxb4 49. Rxc2 Rc4 50. Rb2 b4 51. Kf3 Rxd4 52. Ke3 Re4+ 53. Kd3 Rd4+ 54. Kc2 Kc4 55. Rb1 Re4 56. Kd2 b3 57. Rc1+ Kb4 58. Rb1 Rc4 59. Rb2 Ka3 60. Rb1 Ka2 61. Re1 Rc2+ 62. Kd3 Rxf2 63. Re7 Rf3+ 64. Kd2 b2 65. Ra7+ Ra3 66. Kd1 0-1